Statistics for Islands of the UK by clue

Click here to take the quiz!

General Stats

  • This quiz has been taken 29 times
  • The average score is 13 of 20

Answer Stats

ClueAnswer% Correct
UK mainland, and largest island in EuropeGreat Britain
100%
British Crown dependency, and largest of the Channel IslandsJersey
96%
Overseas territory sharing its name with a famous triangleBermuda
92%
Its flag features a 'triskelion' made of three armoured legsIsle of Man
92%
Second largest of the Channel Islands, with the capital city Saint Peter PortGuernsey
92%
Archipelago around 10 miles north of mainland ScotlandOrkney
84%
Largest English island, officially a countyIsle of Wight
84%
Welsh island, home to Europe's longest place nameAnglesey
84%
Archipelago known as 'Hjaltland' in NorwegianShetland
80%
Remote Atlantic island where Napoleon was exiled toSaint Helena
72%
Largest island of the Inner HebridesSkye
72%
Tidal island in Northumberland, also known as 'Holy Island'Lindisfarne
68%
Largest and most populous in ScotlandLewis and Harris
60%
Scottish island famed for smoky whiskies such as Laphroaig and LagavulinIslay
52%
Island of 40,000, off the north coast of KentSheppey
52%
Caribbean island with a large exclusion zone due to volcanic activityMontserrat
36%
Island in the Thames estuary, west of Southend-on-SeaCanvey
32%
Most populous English island, lying off the south coastPortsea
28%
British overseas territory with dolphins on its flagAnguilla
20%
Largest and most populous of the British Virgin IslandsTortola
16%

Score Distribution

Percentile by Number Answered

Percent of People with Each Score

Your Score History

You have not taken this quiz